<?xml version="1.0" encoding="UTF-8"?>
<record
    xmlns:xsi="http://www.w3.org/2001/XMLSchema-instance"
    xsi:schemaLocation="http://www.loc.gov/MARC21/slim http://www.loc.gov/standards/marcxml/schema/MARC21slim.xsd"
    xmlns="http://www.loc.gov/MARC21/slim">

  <leader>00967cam a22002651  4500</leader>
  <controlfield tag="001">he 68001349 </controlfield>
  <controlfield tag="003">DLC</controlfield>
  <controlfield tag="005">20260227111458.0</controlfield>
  <controlfield tag="008">710901s1967    is f          000 0 eng  </controlfield>
  <datafield tag="010" ind1=" " ind2=" ">
    <subfield code="a">he 68001349 </subfield>
  </datafield>
  <datafield tag="025" ind1=" " ind2=" ">
    <subfield code="a">PL480:Is-5599</subfield>
  </datafield>
  <datafield tag="040" ind1=" " ind2=" ">
    <subfield code="a">DLC</subfield>
    <subfield code="c">DLC</subfield>
    <subfield code="d">DLC</subfield>
  </datafield>
  <datafield tag="041" ind1="1" ind2=" ">
    <subfield code="a">eng</subfield>
    <subfield code="h">heb</subfield>
  </datafield>
  <datafield tag="050" ind1="0" ind2="0">
    <subfield code="a">NE2415.K59</subfield>
    <subfield code="b">A57</subfield>
  </datafield>
  <datafield tag="100" ind1="1" ind2=" ">
    <subfield code="a">&#x1E32;nispel, Gershon.</subfield>
  </datafield>
  <datafield tag="245" ind1="1" ind2="0">
    <subfield code="a">Star of ashes.</subfield>
    <subfield code="b">[Kokhav ha-efer. Ash-sh&#x1E6D;ern]</subfield>
    <subfield code="c">[by] Ka. Tsetnik. [Translated from the Hebrew by H. Zeldes and Nina DeNur] Lithographs [by] Gershon Knispel.</subfield>
  </datafield>
  <datafield tag="260" ind1=" " ind2=" ">
    <subfield code="a">[Tel Aviv,</subfield>
    <subfield code="b">Menorah,</subfield>
    <subfield code="c">1967]</subfield>
  </datafield>
  <datafield tag="300" ind1=" " ind2=" ">
    <subfield code="a">18 col. plates.</subfield>
    <subfield code="c">25 x 34 cm.</subfield>
  </datafield>
  <datafield tag="350" ind1=" " ind2=" ">
    <subfield code="a">IL30.00</subfield>
  </datafield>
  <datafield tag="500" ind1=" " ind2=" ">
    <subfield code="a">Plates accompanied by transparent guard sheets with descriptive letterpress.</subfield>
  </datafield>
  <datafield tag="500" ind1=" " ind2=" ">
    <subfield code="a">"Exclusive edition ... Two hundred and fifty copies ... Number of this copy 229/250."</subfield>
  </datafield>
  <datafield tag="700" ind1="0" ind2=" ">
    <subfield code="a">Ka-tzetnik 135633,</subfield>
    <subfield code="d">1917-2001.</subfield>
    <subfield code="t">Kokhav ha-efer.</subfield>
  </datafield>
  <datafield tag="740" ind1="0" ind2=" ">
    <subfield code="a">Kokhav ha-efer.</subfield>
  </datafield>
  <datafield tag="740" ind1="0" ind2=" ">
    <subfield code="a">Ash-sh&#x1E6D;ern.</subfield>
  </datafield>
  <datafield tag="999" ind1=" " ind2=" ">
    <subfield code="c">33276</subfield>
    <subfield code="d">33276</subfield>
  </datafield>
</record>
